000 00579nam a2200241Ia 4500
008 181129s9999 xx 000 0 und d
020 _a9780516420370
050 _bG799 1983
100 _aGreene, Carol
245 0 _aIce is…whee! /
245 0 _cby Carol Greene ; illustrated by Paul Sharp.
260 _aNew York, NY :
260 _bScholastic,
260 _c1983
300 _a29 pages ;
300 _bcolor illustrations ;
300 _c17cm.
440 _aA rookie reader.
500 _a140L
650 _aIce.
700 _aSeries.
700 _aTitle.
999 _c359925
_d359925